Pandit Deendayal Upadhyaya: a profile (Record no. 478224)

000 -LEADER
fixed length control field 00415cam a22001337a 4500
008 - FIXED-LENGTH DATA ELEMENTS--GENERAL INFORMATION
fixed length control field 180718b1972 xxu||||| |||| 00| 0 eng d
082 ## - DEWEY DECIMAL CLASSIFICATION NUMBER
Classification number A99 Up1/R137d
245 ## - TITLE STATEMENT
Title Pandit Deendayal Upadhyaya: a profile
Statement of responsibility, etc. edited by Sudhakar Raje
260 ## - PUBLICATION, DISTRIBUTION, ETC.
Place of publication, distribution, etc. New Delhi
Name of publisher, distributor, etc. Deendayal Research Institute
Date of publication, distribution, etc. 1972
300 ## - PHYSICAL DESCRIPTION
Extent 212p.
650 ## - SUBJECT ADDED ENTRY--TOPICAL TERM
Topical term or geographic name entry element Upadhyaya, Deendayal
700 ## - ADDED ENTRY--PERSONAL NAME
Personal name Deendayal Research Institute
700 ## - ADDED ENTRY--PERSONAL NAME
Personal name Raje, Sudhakar
Holdings
Withdrawn status Lost status Damaged status Not for loan Permanent Location Current Location Date acquired Full call number Barcode Date last seen Price effective from Koha item type
        Indian Institute of Public Administration Indian Institute of Public Administration 2018-08-04 A99 Up1/R137d GR12925 2018-08-04 2018-08-04 GR

Powered by Koha